00685nam a2200205 a 450000100060000000300090000600800410001501500210005602000180007704000280009508200150012324501490013825000120028726000300029930000190032949000200034850000320036865000360040070000430043625165CO-ViMGA141112s2004 ck r 000 u spa d ack - 2012 - xxxx a9789588257549 aCO-ViMGAbspacCO-ViMGA04aCo868.620910aQué bonito baila el chulo! [braille] : bcantas del Valle de Tenza / cseleccionadas por María Fornaguera ; ilustradas por Lorenzo Jaramillo a1a. ed. aBogotá : bINCI, c2012 a21 p. ; 25 cm. aLibro al viento aTexto en imprenta y braille14aCuentos colombianos - Siglo XXI1 aFornaguera de Roda, María, 1927 - ,